000 00825nam a22002897a 4500
003 CHAP
005 20220329141818.0
008 971013s1943 r 00010 d
010 _a74230
011 _a75202
035 _a84762
040 _cCHAP
082 _a574.192
_bH37 1943
100 0 0 _aHarrow, Benjamin.
_952916
245 _aTextbook of biochemistry
250 _a3 ed.
260 _aPhiladelphia :
_bSaunders,
_c1943
300 _a537 p.
_b: ilus.
590 _aBATCH-UPD
_b10
_c20130110
_lUCH01
_h2045
590 _aBATCH-UPD
_b10
_c20130410
_lUCH01
_h1359
590 _aBATCH-UPD
_b10
_c20130914
_lUCH01
_h0644
590 _aCONVERSION
_b10
_c20130109
_lUCH01
_h1341
650 1 4 _aBioquĂ­mica.
_912849
901 _aBK
942 _cLIBRO
949 _a574.192 H37 1943
_bBC
_cLIBRO
_d-40269
_eLIBRO
_h26532
_i84762
_si
999 _c74230
_d74230